000 00570nam a22002057a 4500
003 Ost
005 20260226040819.0
008 260226b |||||||| |||| 00| 0 eng d
020 _a9781119694874
040 _cBT-PhCST
050 _a25632-25634
082 _222
_a621.381
_bRAZ
100 _aRazavi, Behzad.
245 _aFundamentals of microelectronics :
_bwith robotics and bioengineering applications /
250 _a3rd ed.
260 _aUK :
_bWiley,
_cc2021.
300 _axxvii, 1-12 p. :
_bill. ;
_c25 cm.
500 _aIncludes index.
942 _2ddc
_cECE
999 _c10145
_d10145